উন্নয়নে জনগনের অংশগ্রহন / (Record no. 74323)
[ view plain ]
| 000 -LEADER | |
|---|---|
| fixed length control field | 01111nam a2200265 a 4500 |
| 001 - CONTROL NUMBER | |
| control field | 74323 |
| 003 - CONTROL NUMBER IDENTIFIER | |
| rucl marc code | BD-RjUL |
| 005 - DATE AND TIME OF LATEST TRANSACTION | |
| control field | 20211209082533.0 |
| 008 - FIXED-LENGTH DATA ELEMENTS--GENERAL INFORMATION | |
| fixed length control field | 180705s2005 b af||| |||| 00| 0 ben d |
| 020 ## - INTERNATIONAL STANDARD BOOK NUMBER | |
| Terms of availability | Tk.500.00 |
| 035 ## - SYSTEM CONTROL NUMBER | |
| System control number | (BD-RjUL)74541 |
| 040 ## - CATALOGING SOURCE | |
| Original cataloging agency | BD-RjUL |
| Language of cataloging | eng |
| Transcribing agency | BD-RjUL |
| 041 ## - LANGUAGE CODE | |
| Language code of text/sound track or separate title | ben |
| 082 ## - DEWEY DECIMAL CLASSIFICATION NUMBER | |
| Edition number | 23 |
| Classification number | 307.14095492 |
| Author mark and year | INU 2005 |
| 100 1# - MAIN ENTRY--PERSONAL NAME | |
| Personal name | হুদা, ইনামুল |
| 9 (RLIN) | 221657 |
| 245 10 - TITLE STATEMENT | |
| Title | উন্নয়নে জনগনের অংশগ্রহন / |
| Statement of responsibility, etc. | ইনামুল হুদা, |
| 250 ## - EDITION STATEMENT | |
| Edition statement | ২য় সংস্করণ |
| 260 ## - PUBLICATION, DISTRIBUTION, ETC. (IMPRINT) | |
| Place of publication, distribution, etc. | ঢাকা : |
| Name of publisher, distributor, etc. | ওয়াহিদা ইনাম , |
| Date of publication, distribution, etc. | ২০০৫ |
| 300 ## - PHYSICAL DESCRIPTION | |
| Pagination | ২১১ পৃ. ঃ |
| Illustrations | চিত্র ; |
| Size | ২৮ সেমি. |
| 650 ## - SUBJECT ADDED ENTRY--TOPICAL TERM | |
| Topical term or geographic name as entry element | পল্লী উন্নয়ন প্রকল্প |
| 9 (RLIN) | 221658 |
| Geographic subdivision | বাংলাদেশ |
| Topical term or geographic name as entry element | Rural development projects |
| Geographic subdivision | Bangladesh |
| 9 (RLIN) | 221660 |
| Topical term or geographic name as entry element | অর্থনৈতিক উন্নয়ন প্রকল্প |
| Geographic subdivision | বাংলাদেশ |
| 9 (RLIN) | 221661 |
| Topical term or geographic name as entry element | Economic development projects |
| Geographic subdivision | Bangladesh |
| 9 (RLIN) | 221662 |
| 942 ## - ADDED ENTRY ELEMENTS (KOHA) | |
| Source of classification or shelving scheme | Dewey Decimal Classification |
| Koha item type | Books |
| Lost status | Source of classification or shelving scheme | Damaged status | Not for loan | Collection code | Permanent Location | Current Location | Shelving location | Date acquired | Source of acquisition | Cost, normal purchase price | Total Checkouts | Full call number | Date last seen | Copy number | Koha item type |
|---|---|---|---|---|---|---|---|---|---|---|---|---|---|---|---|
| Dewey Decimal Classification | Not For Loan | Non-fiction | Central Library, University of Rajshahi | Central Library, University of Rajshahi | Reading Room | 05/04/2017 | Rajshahi Viddya Sagar | 500.00 | B 307.14095492 INU 2005 | 05/07/2018 | C-1 | Books | |||
| Dewey Decimal Classification | Non-fiction | Central Library, University of Rajshahi | Central Library, University of Rajshahi | 05/04/2017 | Rajshahi Viddya Sagar | 500.00 | B 307.14095492 INU 2005 | 08/07/2018 | C-2 | Books | |||||
| Dewey Decimal Classification | Non-fiction | Central Library, University of Rajshahi | Central Library, University of Rajshahi | 05/04/2017 | Rajshahi Viddya Sagar | 500.00 | B 307.14095492 INU 2005 | 08/07/2018 | C-3 | Books |